Flaggen mit zwei Farben - Statistiken

Allgemein
  • Dieses Quiz wurde 61 mal gespielt
  • Das Durchschnittsergebnis liegt bei 32 aus 38
Antwortstatistiken
Bildquiz Antwort % Korrekt
Finnland
98%
Dänemark
96%
Israel
96%
Schweden
96%
Vietnam
95%
Albanien
93%
Katar
93%
Österreich
93%
Polen
93%
Georgien
91%
China
89%
Griechenland
89%
Kanada
89%
Kasachstan
89%
Monaco
89%
Schweiz
89%
Türkei
89%
Ukraine
89%
Japan
88%
Marokko
88%
Nordmazedonien
88%
Pakistan
88%
Saudi-Arabien
88%
Indonesien
84%
Tunesien
84%
Nigeria
82%
Peru
82%
Singapur
82%
Lettland
81%
Bangladesch
79%
Honduras
77%
Bahrain
75%
Kirgisistan
74%
Afghanistan
72%
Somalia
68%
Palau
67%
Föderierte Staaten von Mikronesien
60%
Tonga
58%
Keine übereinstimmenden Quizze gefunden
Verteilung der Resultate
Anzahl Personen mit jedem Resultat
Perzentil nach korrekt beantworteten Fragen
Ihre Resultats-Entwicklung
Sie haben dieses Quiz noch nicht gespielt